Python Coding - Statistics

General Stats
  • This quiz has been taken 499 times
  • The average score is 11 of 15
Answer Stats
Question Tile Select % Correct
While Loop... count = 0 while (count < 3): count = count + 1 print("Hello World") Hello World Hello World (To ∞) No
90%
While Loop... count = 0 while (count < 3): count = count + 1 print("Hello World") Hello World No
88%
For Loop... for i in range(0, 10, 2): print(i) 0 1 2 3 (To 10) No
87%
If-Elif-Else Ladder... i = 20 if (i == 10): print("i is 10") elif (i == 15): print("i is 15") elif (i == 20): print("i is 20") else: print("i is not present") i is 15 No
84%
While Loop... count = 0 while (count < 3): count = count + 1 print("Hello World") Hello World Hello World Hello World Yes
82%
If-Elif-Else Ladder... i = 20 if (i == 10): print("i is 10") elif (i == 15): print("i is 15") elif (i == 20): print("i is 20") else: print("i is not present") i is 10 No
80%
For Loop... for i in range(0, 10, 2): print(i) 0 10 2 No
78%
If-Elif-Else Ladder... i = 20 if (i == 10): print("i is 10") elif (i == 15): print("i is 15") elif (i == 20): print("i is 20") else: print("i is not present") i is 20 Yes
77%
Assignment Operators... a = 10 b = a print(b) b += a print(b) b -= a print(b) b *= a print(b) 10 10 10 100 No
74%
For Loop... for i in range(0, 10, 2): print(i) 0 2 4 6 8 Yes
72%
Assignment Operators... a = 10 b = a print(b) b += a print(b) b -= a print(b) b *= a print(b) 10 10 10 10 No
72%
Logical Operators... a = True b = False print(a and b) print(a or b) print(not a) Error (Random) False No
71%
Logical Operators... a = True b = False print(a and b) print(a or b) print(not a) True False (Random) False No
64%
Assignment Operators... a = 10 b = a print(b) b += a print(b) b -= a print(b) b *= a print(b) 10 20 10 100 Yes
62%
Logical Operators... a = True b = False print(a and b) print(a or b) print(not a) False True False Yes
51%
No matching quizzes found
Score Distribution
Percent of People with Each Score
Percentile by Number Answered
Your Score History
You have not taken this quiz